Filosofía para principiantes(I) : desde Grecia (s. VII a. C.) al liberalismo (s. XVII) /

La filosofía, y los filósofos, suelen presentarse ante el profano como un asunto tremendamente serio, que demanda casi siempre el ceño fruncido y el gesto concentrado del que se ejercita en estos menesteres, indicativo de los misterios que parecen esperar a quienes osan penetrar en el laberinto de l...

Full description

Bibliographic Details
Main Author: Osborne, Richard 1952-
Other Authors: Edney, Ralph
Format: Libro
Language:Spanish
Published: Buenos Aires Era Naciente 2011
Series:Documentales ilustrados 17
Subjects:
Online Access:

MARC

LEADER 00000cam a2200000 a 4500
001 000710
003 UAHC_CL
005 20170803115648.0
008 120814s2011 ag 000 spa
020 |a 9789879065310 
040 |a UAHC_CL  |c UAHC_CL  |d UAHC_CL 
082 0 4 |a 100  |b O81  |2 20 
100 1 |a Osborne, Richard  |d 1952- 
245 1 0 |a Filosofía para principiantes(I) :  |b desde Grecia (s. VII a. C.) al liberalismo (s. XVII) /  |c Richard Osborne, Ralph Edney. 
260 |b Era Naciente  |a Buenos Aires  |c 2011 
300 |a 176 p. 
490 0 |a Documentales ilustrados  |v 17 
505 0 |a v.1 Desde Grecia (s.VI a.C.) al Liberalismo (s. XVII) -- v.2 Desde la edad de la razón al Posmodernismo. 
520 |a La filosofía, y los filósofos, suelen presentarse ante el profano como un asunto tremendamente serio, que demanda casi siempre el ceño fruncido y el gesto concentrado del que se ejercita en estos menesteres, indicativo de los misterios que parecen esperar a quienes osan penetrar en el laberinto de los pensamientos.\En oposición a esta imagen estereotipada, la presente obra, Filosofía para principiantes, nos invita a tutearnos con simpatía y buen humor con los oficiantes de esta disciplina, ayudados por la magia del dibujo y la sencillez de un lenguaje cercano a la experiencia, lo que no desmerece de la profundidad de los temas tratados, que siguen siendo, ¡quién lo duda!, completamente serios.\La obra abarca el devenir histórico de la filosofía desde sus primeros balbuceos con los pre-socráticos hasta las exquisiteses contemporáneas de la filosofía del lenguaje y la teoría crítica. Además, pedagógicamente, nos va introduciendo en el uso del lenguaje específico de esta ciencia, una de las principales dificultades que suelen encontrar los estudiantes primerizos. 
650 4 |a FILOSOFIA  |x HISTORIA 
653 |a ESTUDIOS GENERALES 
700 1 |a Edney, Ralph 
900 |a 100 OSBO 
942 |c BK 
952 |0 0  |1 0  |4 0  |6 100_000000000000000_OSBO  |7 0  |8 General  |9 1293  |a BC  |b BC  |c General  |d 2017-08-03  |l 1  |o 100 OSBO  |p 1421112  |r 2025-11-25 00:00:00  |s 2019-07-26  |t 1  |w 2017-08-03  |y BK 
952 |0 0  |1 0  |4 0  |6 100_000000000000000_OSBO  |7 0  |8 General  |9 1294  |a BC  |b BC  |c General  |d 2017-08-03  |l 0  |o 100 OSBO  |p 1421113  |r 2025-11-25 00:00:00  |t 2  |w 2017-08-03  |y BK 
952 |0 0  |1 0  |4 0  |6 100_000000000000000_OSBO  |7 0  |8 General  |9 1295  |a BS  |b BS  |c General  |d 2017-08-03  |l 0  |o 100 OSBO  |p 1421114  |r 2025-11-26 00:00:00  |t 3  |w 2017-08-03  |y BK 
952 |0 0  |1 0  |4 0  |6 100_000000000000000_OSBO  |7 0  |8 General  |9 1296  |a BR  |b BR  |c General  |d 2017-08-03  |o 100 OSBO  |p 1421115  |r 2026-01-14 00:00:00  |t 4  |w 2017-08-03  |y BK 
999 |c 710  |d 710